<?xml version="1.0" encoding="UTF-8"?>
<collection xmlns="http://www.loc.gov/MARC21/slim">
 <record>
  <leader>00531nam a22001815a 4500</leader>
  <controlfield tag="001">EHU.bham041219</controlfield>
  <controlfield tag="003">AR-BHAM</controlfield>
  <controlfield tag="005">20111019104748.0</controlfield>
  <controlfield tag="008">130507s2003##################000#0#####d</controlfield>
  <datafield tag="020" ind1=" " ind2=" ">
   <subfield code="a">1400078970</subfield>
  </datafield>
  <datafield tag="082" ind1="9" ind2="3">
   <subfield code="a">937.05</subfield>
  </datafield>
  <datafield tag="100" ind1="1" ind2=" ">
   <subfield code="a">Holland, Tom</subfield>
  </datafield>
  <datafield tag="245" ind1="1" ind2="0">
   <subfield code="a">Rubicon :</subfield>
   <subfield code="b">the last years of the roman republic  /</subfield>
   <subfield code="c"> Tom Holland</subfield>
  </datafield>
  <datafield tag="260" ind1=" " ind2=" ">
   <subfield code="a">New York :</subfield>
   <subfield code="b">Anchor Books,</subfield>
   <subfield code="c">2003</subfield>
  </datafield>
  <datafield tag="300" ind1=" " ind2=" ">
   <subfield code="a">408 p.</subfield>
  </datafield>
  <datafield tag="653" ind1=" " ind2=" ">
   <subfield code="a">Roma-historia de</subfield>
  </datafield>
  <datafield tag="653" ind1=" " ind2=" ">
   <subfield code="a">Roma-república</subfield>
  </datafield>
  <datafield tag="859" ind1=" " ind2=" ">
   <subfield code="a">AR-BHAM</subfield>
   <subfield code="b">BIB. HUMANIDADES - General</subfield>
   <subfield code="h">937.05</subfield>
   <subfield code="i">H617</subfield>
   <subfield code="p">461.11</subfield>
   <subfield code="t">Ej.1</subfield>
  </datafield>
 </record>
</collection>
